| 000 | 00503 a2200181 4500 | ||
|---|---|---|---|
| 005 | 20260116141523.0 | ||
| 008 | 260116b |||||||| |||| 00| 0 eng d | ||
| 020 |
_a9789369677887 _cRs. 4995.00 |
||
| 040 | _aMAIN | ||
| 082 |
_a350.00072 _bR137R |
||
| 100 | _a Ranjan, Kumud | ||
| 245 | _aResearch methods in public administration | ||
| 260 |
_bScientific Books International _c2026 _aNew Delhi |
||
| 300 | _av, 278 | ||
| 650 | _aPublic Administration | ||
| 650 | _aResearch Methods | ||
| 942 | _cBK | ||
| 999 |
_c394501 _d394501 |
||